00755nam a2200253 a 4500001001300000003000900013005001700022008004100039020001000080082001800090100001200108245001900120260003300139300000900172500003500181505001000216650001800226700001200244902000800256942000700264952011900271952009400390999001700484nice12345678IN_TiNIC20260116013346.0050524s1992 dela grp 000 0 eng  ac12500a915.3025bASA aAsad, M aRoad to Makkah aDelhibAdam Publishersc1992 a381p aincludes index and biblioraphy2 aIndex aArabia-Travel1 aAsad, M bSRS cBK 001040708StackRoom-aHMIbHMId2007-06-05g125.00l0o915.3025 ASAp015185r2007-06-05v125.00w2005-05-24yBK 00104070aHMIbHMIcGENd2018-08-14l0o915.3025 ASAp24769r2018-08-14w2018-08-14yBK c10696d10696